Library Banner

تصوف اور سریت/ (Record no. 90389)

MARC details
000 -LEADER
fixed length control field 00429nam a22001577a 4500
005 - DATE AND TIME OF LATEST TRANSACTION
control field 20170124093501.0
008 - FIXED-LENGTH DATA ELEMENTS--GENERAL INFORMATION
fixed length control field 170124b xxu||||| |||| 00| 0 eng d
020 ## - INTERNATIONAL STANDARD BOOK NUMBER
International Standard Book Number 9694690625
040 ## - CATALOGING SOURCE
Transcribing agency PK-LaUMT
082 ## - DEWEY DECIMAL CLASSIFICATION NUMBER
Classification number 297.4
Item number LAT-T
100 ## - MAIN ENTRY--PERSONAL NAME
Personal name لطیف اللہ
245 ## - TITLE STATEMENT
Title تصوف اور سریت/
Statement of responsibility, etc لطیف اللہ
260 ## - PUBLICATION, DISTRIBUTION, ETC. (IMPRINT)
Place of publication, distribution, etc لاہور:
Name of publisher, distributor, etc ادارہ ثقافت اسلامیہ،
Date of publication, distribution, etc 2014
300 ## - PHYSICAL DESCRIPTION
Extent 274 ص
942 ## - ADDED ENTRY ELEMENTS (KOHA)
Koha item type Books
Holdings
Withdrawn status Lost status Damaged status Home library Current library Date acquired Full call number Barcode Date last seen Price effective from Koha item type
      UMT Main Campus UMT Main Campus 2017-01-24 297.4 LAT-T 103846 2024-12-23 2017-01-24 Books